000
00325nam a2200145Ia 4500
008
230718s9999 xx 000 0 und d
041
_a
Eng.
082
_a
346.42
_b
KHA-N
100
_a
Khan,Muhammad
245
0
_a
negotiable instrument
260
_a
Pakistan
_b
Kauser
_c
2010
300
_a
441
650
_a
Law
999
_c
30269
_d
30269